[Event "2nd Open Fincas Mediterranea"]
[Site "Castelldefels ESP"]
[Date "2005.08.23"]
[Round "7"]
[White "Nisipeanu,LD"]
[Black "Halay,T"]
[Result "1-0"]
[WhiteElo "2679"]
[BlackElo "2320"]

1.Nf3 c5 2.c4 Nc6 3.d4 cxd4 4.Nxd4 e6 5.Nc3 Nf6 6.g3 Bb4 7.Bg2 Qb6 8.Nb3 O-O
9.O-O Bxc3 10.c5 Qb4 11.bxc3 Qxc3 12.Bf4 a5 13.Rc1 Qb4 14.Bd6 Rd8 15.Nd2 Ne8
16.Nc4 Ra6 17.a3 Qb5 18.Bxc6 Qxc6 19.Be7 b5 20.Nd6 Nxd6 21.cxd6 Qb6 22.Qc2 Ra8
23.Bxd8 Qxd8 24.Qc7 Qe8 25.Rc5 f5 26.Rxb5 Ba6 27.Rxa5 Bxe2 28.Rxa8 Qxa8 29.Qxd7 Bxf1
30.Qxe6+ Kh8 31.Kxf1 Qa6+ 32.Kg1 h6 33.Qe8+  1-0

[Event "TCh-FRA Top 16 Gp A"]
[Site "Clichy FRA"]
[Date "2006.02.03"]
[Round "1"]
[White "Romero Holmes,A"]
[Black "Nisipeanu,LD"]
[Result "0-1"]
[WhiteElo "2509"]
[BlackElo "2693"]

1.d4 Nf6 2.Nf3 e6 3.g3 b5 4.Nbd2 Bb7 5.Nb3 Be7 6.Bg5 O-O 7.Bg2 h6 8.Bxf6 Bxf6
9.Qd3 a6 10.h4 Bxf3 11.Bxf3 d5 12.e4 c6 13.c3 Nd7 14.e5 Be7 15.Bd1 f5 16.exf6 Rxf6
17.f4 b4 18.c4 dxc4 19.Qxc4 Nb6 20.Qe2 a5 21.Nd2 Qxd4 22.Nf3 Qc5 23.Bc2 a4
24.Rc1 g6 25.Qf2 Ra5 26.Qxc5 Bxc5 27.Ke2 Nd5 28.Nd2 a3 29.bxa3 Nc3+ 30.Kf3 Nxa2
31.Ra1 Rxa3+ 32.Bb3 Nc3 33.Rxa3 bxa3 34.Rc1 Bb4 35.Rxc3 Bxc3 36.Ne4 Kg7 37.Nxc3 e5
38.Nb1 Rd6 39.Ke3 exf4+ 40.gxf4 Rd1 41.Nxa3 Rh1 42.Kd2 Rh3 43.Kc2 Rxh4 44.Nc4 Rxf4
45.Ne5 Rf5  0-1

[Event "TCh-FRA Top 16 Gp A"]
[Site "Clichy FRA"]
[Date "2006.02.04"]
[Round "2"]
[White "Nisipeanu,LD"]
[Black "Domont,A"]
[Result "1-0"]
[WhiteElo "2693"]
[BlackElo "2410"]

1.e4 c5 2.Nf3 e6 3.d4 cxd4 4.Nxd4 Nf6 5.Nc3 Nc6 6.Ndb5 d6 7.Bf4 e5 8.Bg5 a6
9.Na3 b5 10.Nd5 Be7 11.Bxf6 Bxf6 12.c3 Ne7 13.Nxf6+ gxf6 14.Bd3 Bb7 15.Qe2 Rg8
16.g3 d5 17.O-O-O Qb6 18.exd5 Bxd5 19.Be4 O-O-O 20.Bxd5 Nxd5 21.Nc2 Qc6 22.Qe4 h6
23.Ne3 Ne7 24.Qb4 Qe6 25.a4 Rxd1+ 26.Rxd1 Rd8 27.Qc5+ Nc6 28.Rxd8+ Kxd8 29.axb5 axb5
30.Qxb5 f5 31.Qd3+  1-0

[Event "TCh-FRA Top 16 Gp A"]
[Site "Clichy FRA"]
[Date "2006.02.05"]
[Round "3"]
[White "Belkhodja,S"]
[Black "Nisipeanu,LD"]
[Result "1/2-1/2"]
[WhiteElo "2488"]
[BlackElo "2693"]

1.e4 c6 2.d4 d5 3.exd5 cxd5 4.c4 Nf6 5.Nc3 e6 6.Nf3 Bb4 7.cxd5 Nxd5 8.Bd2 Nc6
9.Bd3 O-O 10.O-O Be7 11.Be4 Nf6 12.Bxc6 bxc6 13.Rc1 c5 14.dxc5 Bxc5 15.Bg5 Bb7
16.Qe2 Be7 17.Rfd1 Qa5 18.Qe5 Qxe5 19.Nxe5 Rfd8 20.Nd7 Bc6 21.Nxf6+ gxf6
22.Be3 a5 23.f3 Rdb8 24.Rd2 Rb7 25.Ne2 Bd5 26.Nc3 Bc6 27.Ne2 Be8 28.Bc5 Kf8
29.Kf2 a4 30.Bxe7+ Kxe7 31.Nc3 f5 32.a3 Rd8 33.Rcc2 Rxd2+  1/2-1/2

[Event "TCh-FRA Top 16 Gp A"]
[Site "Montpellier FRA"]
[Date "2006.03.30"]
[Round "4"]
[White "Nisipeanu,LD"]
[Black "Prie,E"]
[Result "1-0"]
[WhiteElo "2693"]
[BlackElo "2467"]

1.e4 d5 2.exd5 Qxd5 3.Nc3 Qa5 4.d4 Nf6 5.Nf3 c6 6.Bc4 Bf5 7.Bd2 e6 8.Ne4 Qb6
9.Nxf6+ gxf6 10.Qe2 Qxb2 11.O-O Qxc2 12.Rfe1 Nd7 13.Rac1 Qb2 14.Nh4 Bg6 15.Bxe6 O-O-O
16.Bxd7+ Rxd7 17.Qe8+ Rd8 18.Rxc6+ bxc6 19.Qxc6+ Kb8 20.Bf4+ Bd6 21.Bxd6+ Rxd6
22.Qxd6+ Ka8 23.Nxg6 fxg6 24.Qxf6 Rc8 25.Qe6 Kb7 26.Qd5+ Kb8 27.g3  1-0

[Event "15th TCh-CRO"]
[Site "Sibenik CRO"]
[Date "2006.10.02"]
[Round "11"]
[White "Cvitan,O"]
[Black "Nisipeanu,LD"]
[Result "1/2-1/2"]
[WhiteElo "2539"]
[BlackElo "2696"]

1.d4 Nf6 2.Nf3 e6 3.c4 Bb4+ 4.Nbd2 b6 5.e3 Bb7 6.Bd3 O-O 7.O-O d5 8.a3 Be7
9.b4 c5 10.bxc5 bxc5 11.Rb1 Ba6 12.Qc2 Nbd7 13.cxd5 Bxd3 14.Qxd3 exd5 15.dxc5 Nxc5
16.Qc2  1/2-1/2

[Event "TCh-ROM Divizia A Masculin"]
[Site "Predeal ROM"]
[Date "2006.11.08"]
[Round "5"]
[White "Nisipeanu,LD"]
[Black "Iordachescu,V"]
[Result "1/2-1/2"]
[WhiteElo "2690"]
[BlackElo "2564"]

1.e4 c6 2.d4 d5 3.e5 Bf5 4.c4 e6 5.Nc3 Ne7 6.a3 dxc4 7.Bxc4 Nd7 8.Nge2 Nb6
9.Bb3 Qd7 10.O-O Rd8 11.a4 Bg6 12.a5 Nbd5 13.a6 b6 14.Bg5 h6 15.Nxd5 hxg5
16.Ne3 Nf5 17.Qc1  1/2-1/2

[Event "TCh-ROM Divizia A Masculin"]
[Site "Predeal ROM"]
[Date "2006.11.12"]
[Round "9"]
[White "Nisipeanu,LD"]
[Black "Baklan,V"]
[Result "1-0"]
[WhiteElo "2690"]
[BlackElo "2622"]

1.d4 Nf6 2.Nf3 e6 3.c4 b6 4.g3 Ba6 5.Qc2 Bb7 6.Bg2 c5 7.d5 exd5 8.cxd5 Bxd5
9.Nc3 Bxf3 10.Bxf3 Nc6 11.Qa4 Rc8 12.Bf4 Be7 13.O-O-O O-O 14.Kb1 b5 15.Nxb5 Qb6
16.Nd6 Rb8 17.Nc4 Qb4 18.Bxc6 dxc6 19.Qxb4 Rxb4 20.Rc1 Rd8 21.a3 Ra4 22.b3 Ra6
23.Bg5 Nd5 24.Bxe7 Nxe7 25.Rhd1 Nd5 26.Kb2 f5 27.e3 g5 28.Ne5 Re8 29.Nd7 Re7
30.Nb8 Rb6 31.Nxc6 Rxc6 32.Rxd5 Rf7 33.Rcxc5 Rcf6 34.b4 h6 35.f4 Kg7 36.b5 Kg6
37.Rc6 Kh5 38.h3  1-0

[Event "TCh-NED 2006-7"]
[Site "Netherlands NED"]
[Date "2006.12.16"]
[Round "4"]
[White "Nisipeanu,LD"]
[Black "Muhren,B"]
[Result "1-0"]
[WhiteElo "2696"]
[BlackElo "2295"]

1.d4 d5 2.Nf3 Nf6 3.c4 dxc4 4.e3 e6 5.Bxc4 c5 6.O-O a6 7.a4 Nc6 8.Qe2 cxd4
9.Rd1 Be7 10.exd4 O-O 11.Nc3 Nb4 12.Bg5 Nfd5 13.Nxd5 Nxd5 14.Bxe7 Nxe7 15.Ne5 Qd6
16.Qe4 f6 17.Nd3 Nd5 18.a5 b6 19.axb6 Nxb6 20.Nc5 Nxc4 21.Qxa8 Nxb2 22.Rdc1 Qxd4
23.Rab1 Rd8 24.h3 Nc4 25.Rb4 Qd5 26.Qxd5 exd5 27.Rb8 a5 28.Ne6 Re8 29.Nc7 Rf8
30.Nxd5 Be6 31.Rxf8+ Kxf8 32.Rxc4 Bxd5 33.Rc5 Be4 34.Rxa5 Kf7 35.Ra7+ Kg6
36.g3 Bf3 37.Kf1 Kh6 38.h4 Kg6 39.Ke1 Kh6 40.Kd2 Kg6 41.Ke3 Bd1 42.Kd4 h5
43.Kd5 Bb3+ 44.Kd6 Kh6 45.Ke7 Bc4 46.f4 Bb3 47.Kf8 g6 48.Rf7 Bc4 49.Rxf6 Kh7
50.Rf7+ Kh6 51.Ke7 Bb3 52.Kf6 Bc2 53.Rf8 Kh7 54.Kg5  1-0

[Event "TCh-NED 2006-7"]
[Site "Netherlands NED"]
[Date "2007.03.03"]
[Round "6"]
[White "Nisipeanu,LD"]
[Black "Van Wely,L"]
[Result "1/2-1/2"]
[WhiteElo "2689"]
[BlackElo "2683"]

1.e4 c5 2.Nf3 d6 3.d4 cxd4 4.Nxd4 Nf6 5.Nc3 a6 6.Be3 e5 7.Nf3 Be7 8.Bc4 O-O
9.O-O Be6 10.Bb3 Nc6 11.Qe2 Na5 12.Rfd1 Nxb3 13.axb3 Qe8 14.Bg5 Nh5 15.Bxe7 Qxe7
16.Qd2 Rad8 17.Qg5 Nf6 18.Rd3 h6  1/2-1/2

[Event "Bundesliga 2006-7"]
[Site "Bindlach GER"]
[Date "2007.03.17"]
[Round "12"]
[White "Nisipeanu,LD"]
[Black "Baklan,V"]
[Result "1/2-1/2"]
[WhiteElo "2689"]
[BlackElo "2618"]

1.d4 Nf6 2.Nf3 e6 3.c4 b6 4.g3 Ba6 5.Qc2 Bb7 6.Bg2 c5 7.d5 exd5 8.cxd5 Nxd5
9.O-O Be7 10.Rd1 Qc8 11.Nh4 Bxh4 12.Rxd5 Be7 13.Nc3 Nc6 14.Qe4 O-O 15.Rh5 g6
16.Rh3 f5 17.Qe3 Rf7 18.Bd5  1/2-1/2

[Event "Bundesliga 2006-7"]
[Site "Bindlach GER"]
[Date "2007.03.18"]
[Round "13"]
[White "Borriss,M"]
[Black "Nisipeanu,LD"]
[Result "0-1"]
[WhiteElo "2463"]
[BlackElo "2689"]

1.e4 e5 2.Nf3 Nc6 3.Bb5 a6 4.Ba4 Nf6 5.O-O Be7 6.Re1 b5 7.Bb3 d6 8.c3 O-O
9.h3 Na5 10.Bc2 c5 11.d4 Qc7 12.a3 Nc4 13.b3 Nb6 14.Nbd2 Bd7 15.Nf1 Rfe8
16.Ng3 c4 17.b4 a5 18.Bg5 h6 19.Be3 Bf8 20.Qd2 Ra6 21.Rad1 axb4 22.axb4 Rea8
23.Nh2 Ra2 24.f4 R8a3 25.dxe5 dxe5 26.fxe5 Qxe5 27.Bxb6 Qxg3 28.Bd4 Nh5 29.Nf1 Qg6
30.Re3 Be7 31.Qf2 Bg5 32.Rf3 Bc6 33.Re1 Nf4 34.Rxf4 Bxf4 35.Re2 Rxc2 36.Rxc2 Bxe4
37.Ra2 Bxg2 38.Rxa3 Be4+ 39.Ng3 Bxg3 40.Qe2 Bh2+  0-1

[Event "8th ch-Euro"]
[Site "Dresden GER"]
[Date "2007.04.03"]
[Round "1"]
[White "Nisipeanu,LD"]
[Black "Williams,Si1"]
[Result "1-0"]
[WhiteElo "2689"]
[BlackElo "2483"]

1.e4 e6 2.d4 d5 3.Nc3 Bb4 4.Ne2 Nc6 5.a3 Ba5 6.Qd3 dxe4 7.Qg3 Nf6 8.Bg5 h6
9.Bxf6 Qxf6 10.O-O-O Bxc3 11.Nxc3 Qg5+ 12.Qxg5 hxg5 13.Nxe4 g4 14.Bb5 Bd7
15.Nc5 O-O-O 16.Be2 b6 17.Nxd7 Rxd7 18.c3 f5 19.f3 gxf3 20.Bxf3 Nd8 21.Rde1 g5
22.g4 c6 23.Re5 Rf7 24.Bd1 Rh4 25.gxf5 Rxf5 26.Ree1 Kd7 27.h3 Kd6 28.Re3 Rhf4
29.Rhe1 Rf1 30.Bg4 Rxe1+ 31.Rxe1 Rf6 32.Rg1 e5 33.dxe5+ Kxe5 34.Re1+ Kf4
35.Rf1+ Ke5 36.Re1+ Kf4 37.Re7 a5 38.b4 axb4 39.cxb4 Nf7 40.Re1 Kg3 41.Re6 Rxe6
42.Bxe6 Nd6 43.a4 Kf4 44.Bd7 c5 45.bxc5 bxc5 46.a5 Nc4 47.a6 Nb6 48.a7 Ke3
49.Kc2 Kd4 50.Kb3 Kd3 51.Bc6 Kd2 52.Bb5 Ke3 53.Kc3 Ke4 54.Bc6+ Ke3 55.Bb5 Ke4
56.Kd2 Kd4 57.Ke2 Ke4 58.Bc6+ Kf4 59.Kd3 Kg3 60.Bd7 Kf3 61.Be6 Kf4 62.Bg4 Ke5
63.Ke3 Kd5 64.Bf3+ Ke5 65.Be2 Nd5+ 66.Kf3 Nb6 67.Kg4 Kf6 68.Bd3 Na8 69.Kh5 Nb6
70.Kh6 Na8 71.Kh7 Nb6 72.Kg8 Na8 73.Kf8 Nb6 74.Bb5 Ke6 75.Kg7 Kf5 76.Kf7 Ke5
77.Ba6 Na8 78.Ke7 Nb6 79.Kd8 Kd6 80.Bb5 c4 81.Bxc4 Kc6 82.Ba6 Na8 83.Bf1 Kd5  1-0

[Event "Aerosvit"]
[Site "Foros UKR"]
[Date "2007.06.25"]
[Round "7"]
[White "Nisipeanu,LD"]
[Black "Svidler,P"]
[Result "1/2-1/2"]
[WhiteElo "2693"]
[BlackElo "2736"]

1.e4 d6 2.d4 Nf6 3.Nc3 g6 4.h3 Bg7 5.Be3 c6 6.a4 O-O 7.g4 Qa5 8.Bg2 d5 9.e5 Ne4
10.Ne2 f6 11.exf6 exf6 12.O-O f5 13.Nxe4 fxe4 14.f3 exf3  1/2-1/2

[Event "TCh-ROU Superliga"]
[Site "Predeal ROU"]
[Date "2007.10.13"]
[Round "1"]
[White "Nisipeanu,LD"]
[Black "Biro,S"]
[Result "1-0"]
[WhiteElo "2668"]
[BlackElo "2324"]

1.e4 e6 2.d4 d5 3.Nd2 h6 4.Ngf3 Nf6 5.e5 Nfd7 6.c4 c6 7.Bd3 Na6 8.O-O Rb8
9.cxd5 cxd5 10.a3 b5 11.Nb3 Qb6 12.Bd2 b4 13.a4 Qd8 14.Qe2 Nc7 15.Rfc1 Nb6
16.Na5 Bd7 17.Nc6 Bxc6 18.Rxc6 Be7 19.Rac1 Nba8 20.b3 a5 21.Be3 Qd7 22.h4 Rb7
23.Bf4 Rb6 24.Rd6 Rxd6 25.exd6 Bxd6 26.Bxd6 Qxd6 27.Bb5+ Ke7 28.Ne5  1-0

[Event "TCh-ROU Superliga"]
[Site "Predeal ROU"]
[Date "2007.10.18"]
[Round "6"]
[White "Nisipeanu,LD"]
[Black "Solak,D"]
[Result "1/2-1/2"]
[WhiteElo "2668"]
[BlackElo "2568"]

1.d4 d5 2.c4 c6 3.Nf3 Nf6 4.Nc3 dxc4 5.a4 Bf5 6.e3 e6 7.Bxc4 Nbd7 8.O-O Bb4
9.Qe2 Bg4 10.h3 Bxf3 11.Qxf3 O-O 12.Rd1 e5 13.d5 Bxc3 14.dxc6 e4 15.Qe2 Be5
16.cxd7 Qe7 17.Ra2 Rfd8 18.b3 Rxd7 19.Rxd7 Qxd7 20.Rd2 Qe7 21.Bb2 Bxb2 22.Rxb2 Rd8
23.Rd2 a5 24.Qd1 Rxd2 25.Qxd2 b6 26.Qd4 Qc7 27.g4 h6 28.Kg2 Kf8 29.b4 axb4
30.Bb3 Kg8 31.Qxb4 g5 32.Ba2 Kg7 33.Qb3 Qd7 34.Qxb6  1/2-1/2

[Event "SuperLiga-ROM"]
[Site "Eforie Nord ROM"]
[Date "2008.09.01"]
[Round "1"]
[White "Sergeev,Vl"]
[Black "Nisipeanu,LD"]
[Result "1/2-1/2"]
[WhiteElo "2508"]
[BlackElo "2692"]

1.d4 Nf6 2.c3 d5 3.Bf4 Nh5 4.Be5 Nc6 5.e3 Nxe5 6.dxe5 g6 7.Be2 Ng7 8.Nf3 Ne6
9.O-O Bg7 10.e4 dxe4 11.Qa4+ Bd7 12.Qxe4 Bc6 13.Qe3 Bxf3 14.Bxf3 c6 15.Bg4 Nc7
16.c4 Na6 17.Nc3 Qb6 18.Qxb6 axb6 19.f4 f5 20.Be2 e6 21.Rad1 Bf8 22.Kf2 Bb4
23.Nb1 Be7 24.a3 Nc5 25.b4 Nd7 26.Rd3 h5 27.Rfd1 Nf8 28.g3 g5 29.fxg5 Ng6
30.h4 Rd8 31.Re3 Rxd1 32.Bxd1 Bd8 33.Nd2 Bc7 34.Nf3 Ke7  1/2-1/2

[Event "SuperLiga-ROM"]
[Site "Eforie Nord ROM"]
[Date "2008.09.05"]
[Round "5"]
[White "Nisipeanu,LD"]
[Black "Spasov,V"]
[Result "1/2-1/2"]
[WhiteElo "2692"]
[BlackElo "2589"]

1.e4 c5 2.Nf3 Nc6 3.d4 cxd4 4.Nxd4 Nf6 5.Nc3 e5 6.Ndb5 d6 7.Bg5 a6 8.Na3 b5
9.Nd5 Be7 10.Bxf6 Bxf6 11.c4 b4 12.Nc2 a5 13.Qf3 Be7 14.a3 bxa3 15.Qxa3 O-O
16.Bd3 Rb8 17.O-O Be6 18.Rfd1 Bg5 19.Be2 Rb7 20.c5 dxc5 21.Qxc5 Nd4 22.Nxd4 exd4
23.Qxd4 Bxd5 24.Qxd5 Rxb2 25.Qc4  1/2-1/2

[Event "SuperLiga-ROM"]
[Site "Eforie Nord ROM"]
[Date "2008.09.06"]
[Round "6"]
[White "Varga,Zo"]
[Black "Nisipeanu,LD"]
[Result "1/2-1/2"]
[WhiteElo "2479"]
[BlackElo "2692"]

1.e4 c5 2.Nf3 e6 3.d4 cxd4 4.Nxd4 Nf6 5.Nc3 d6 6.Be3 Be7 7.Be2 O-O 8.Qd2 a6
9.g4 b5 10.g5 Nfd7 11.f4 Bb7 12.Bf3 Nc6 13.Nxc6 Bxc6 14.O-O-O Nb6 15.b3 Rb8
16.Rhf1 d5 17.Bxb6 Qxb6 18.exd5 Rfd8 19.Qe1 Bd7 20.dxe6 Bxe6 21.Nd5 Ba3+
22.Kb1 Qc5 23.Qf2 Qxf2 24.Rxf2 Kf8 25.Rfd2 Rd7 26.Ne3 Rbd8 27.Rxd7 Rxd7 28.Rxd7 Bxd7
29.c3 Bd6 30.Nd5 Bc6 31.Kc2 a5 32.Kd3 b4 33.cxb4  1/2-1/2

[Event "II ROMGAZ Open"]
[Site "Bucharest ROU"]
[Date "2008.09.11"]
[Round "1"]
[White "Nisipeanu,LD"]
[Black "Raducanu,A"]
[Result "1-0"]
[WhiteElo "2692"]
[BlackElo "2117"]

1.d4 Nf6 2.c4 e6 3.Nf3 d5 4.Nc3 Be7 5.cxd5 exd5 6.Bg5 O-O 7.e3 c6 8.Bd3 Nbd7
9.Qc2 Re8 10.O-O-O Nf8 11.h3 Be6 12.Kb1 Rc8 13.g4 Qa5 14.Rhg1 b5 15.Nd2 N6d7
16.Bxe7 Rxe7 17.Nxb5 c5 18.Nb3 Qb6 19.dxc5 Nxc5 20.N5d4 Ne4 21.Qe2 Rec7 22.Rc1 Rxc1+
23.Rxc1 Rxc1+ 24.Kxc1 Qc7+ 25.Kb1 Qh2 26.f3 Nf2 27.a3 Qg3 28.Qe1 Qh2 29.Nc5 Nxd3
30.Nxd3 Qxh3 31.Nf4 Qh2 32.Ka2 h6 33.Qc3 Qh4 34.Qc7 a6 35.Qd6 Qf2 36.Nfxe6 fxe6
37.Nxe6 Qxf3 38.Nxf8 Qxf8 39.Qxd5+ Kh8 40.Qe6 Qf3 41.e4 Qe2 42.a4 a5 43.e5 Qe4
44.Qc8+ Kh7 45.Qf5+ Qxf5 46.gxf5 h5 47.e6 Kg8 48.b4 h4 49.b5 h3 50.b6 h2
51.b7 h1=Q 52.b8=Q+ Kh7 53.Qe5 Qg2+ 54.Kb3 Qf3+ 55.Kc4 Qc6+ 56.Kd3 Qf3+ 57.Kd4 Qd1+
58.Kc5 Qxa4 59.e7 Qe8 60.Qe6 a4 61.Qg6+  1-0

[Event "II ROMGAZ Open"]
[Site "Bucharest ROU"]
[Date "2008.09.13"]
[Round "3"]
[White "Nisipeanu,LD"]
[Black "Sterpu,C"]
[Result "1-0"]
[WhiteElo "2692"]
[BlackElo "2006"]

1.e4 c6 2.d4 d5 3.exd5 cxd5 4.c4 e6 5.Nc3 Nf6 6.Nf3 Be7 7.Bd3 O-O 8.O-O Nc6
9.a3 b6 10.cxd5 exd5 11.h3 Re8 12.Re1 h6 13.Bf4 a6 14.Be5 Be6 15.Rc1 Nxe5
16.dxe5 Nd7 17.Bb1 a5 18.Nxd5 Bxd5 19.Qxd5 Nc5 20.Qc4 Bf8 21.Qc2 g6 22.h4 h5
23.Ng5 Qd5 24.Rcd1 Qb3 25.Qxb3 Nxb3 26.Be4  1-0

[Event "24th ECC"]
[Site "Kallithea GRE"]
[Date "2008.10.17"]
[Round "1"]
[White "Nisipeanu,LD"]
[Black "Blomqvist,E"]
[Result "1/2-1/2"]
[WhiteElo "2684"]
[BlackElo "2418"]

1.e4 c5 2.Nf3 d6 3.d4 cxd4 4.Nxd4 Nf6 5.Nc3 a6 6.Bc4 e6 7.Bb3 b5 8.Bg5 Be7
9.Qf3 Qc7 10.O-O-O Nbd7 11.Bxf6 Nxf6 12.g4 b4 13.Nce2 Nd7 14.Qe3 Nc5 15.f4 Bd7
16.Kb1 a5 17.f5 e5 18.Nf3 Nxb3 19.Qxb3 a4 20.Qd3 Qc5 21.c4 a3 22.b3 Bc6 23.Ng3 O-O-O
24.Nf1 Kb7 25.Ne3 Rd7 26.Nd5 Bd8 27.Qe2 Bb6 28.Ne1 Qf2 29.Qxf2 Bxf2 30.Nc2 Bc5
31.Rhe1 Bxd5 32.Rxd5 Kc6 33.Rd3 f6 34.Rh3 Rdd8 35.Rf1 h5 36.gxh5 Rh6 37.Ne1 Rdh8
38.Nf3 Rxh5 39.Rxh5 Rxh5 40.h4 Kd7 41.Kc2  1/2-1/2

[Event "24th ECC"]
[Site "Kallithea GRE"]
[Date "2008.10.18"]
[Round "2"]
[White "Malisauskas,V"]
[Black "Nisipeanu,LD"]
[Result "1/2-1/2"]
[WhiteElo "2479"]
[BlackElo "2684"]

1.e4 c6 2.d4 d5 3.Nd2 dxe4 4.Nxe4 Bf5 5.Ng3 Bg6 6.h4 h6 7.Nf3 Nd7 8.h5 Bh7
9.Bd3 Bxd3 10.Qxd3 e6 11.Bf4 Bb4+ 12.c3 Be7 13.Ne4 Ndf6 14.Ned2 Nd5 15.Be5 Ngf6
16.c4 Nb4 17.Qb3 c5 18.O-O-O  1/2-1/2

[Event "24th ECC"]
[Site "Kallithea GRE"]
[Date "2008.10.19"]
[Round "3"]
[White "Markos,J"]
[Black "Nisipeanu,LD"]
[Result "1/2-1/2"]
[WhiteElo "2557"]
[BlackElo "2684"]

1.Nf3 Nf6 2.d4 c5 3.c4 e6 4.Nc3 cxd4 5.Nxd4 a6 6.Bg5 Be7 7.e3 O-O 8.Be2 b6
9.Bf3 Ra7 10.O-O Bb7 11.Rc1 h6 12.Bh4 d6 13.Qb3 Bxf3 14.Nxf3 Nbd7 15.Rfd1 Qb8
16.Bg3 Nh5 17.Ne4 Nxg3 18.hxg3 Nc5 19.Nxc5 bxc5 20.Qc2 Rb7 21.b3 Qc7  1/2-1/2

[Event "24th ECC"]
[Site "Kallithea GRE"]
[Date "2008.10.21"]
[Round "5"]
[White "Gelfand,B"]
[Black "Nisipeanu,LD"]
[Result "1/2-1/2"]
[WhiteElo "2719"]
[BlackElo "2684"]

1.d4 Nf6 2.c4 e6 3.Nf3 c5 4.d5 b5 5.Bg5 b4 6.a3 a5 7.axb4 cxb4 8.Nd4 Bc5
9.e3 exd5 10.cxd5 O-O 11.Nb3 d6 12.N1d2 Nbd7 13.Bb5 h6 14.Bh4 Qb6 15.Be2 Bb7
16.Nc4 Qc7 17.Ncxa5 Bxd5 18.O-O Ra7 19.Bf3 Bxf3 20.Qxf3 Rfa8 21.Nc4 Rxa1
22.Nxa1  1/2-1/2

[Event "10th EICC"]
[Site "Budva MNE"]
[Date "2009.03.10"]
[Round "5"]
[White "Nisipeanu,LD"]
[Black "Saric,Iv"]
[Result "1/2-1/2"]
[WhiteElo "2675"]
[BlackElo "2566"]

1.e4 e5 2.Nf3 Nc6 3.Bb5 a6 4.Ba4 Nf6 5.O-O Bc5 6.c3 b5 7.Bc2 d5 8.exd5 Qxd5
9.d4 exd4 10.Bb3 Qd8 11.Re1+ Be7 12.cxd4 Bg4 13.Be3 O-O 14.h3 Bh5 15.g4 Bg6
16.Ne5 Na5 17.Bg5 c5 18.dxc5 Bxc5 19.Nc3 Qb6 20.Qf3 Nxb3 21.axb3 Bd4 22.Bxf6 Qxf6
23.Qxf6 gxf6 24.Nc6 Bxc3 25.bxc3 Kg7 26.Nd4 Rfc8 27.Re3 Rc5 28.f4 f5 29.b4 Rd5
30.g5 h6 31.gxh6+ Kxh6 32.Kf2 Kg7 33.Ke2 Kf6 34.Kd3 Rd6 35.h4 Rh8 36.Rh1 a5
37.bxa5 b4 38.Kc4 bxc3 39.Rxc3 Bh5 40.Rb1 Rc8+ 41.Kd3 Be2+ 42.Kc2 Rcd8 43.Nc6 Rd2+
44.Kc1 R8d5 45.Rb6 Kg7 46.Rc2 Rd1+ 47.Kb2 Bd3 48.Rc3 Be4 49.Ka3 R5d2 50.a6 Ra1+
51.Kb4 Rda2 52.Kb5 Bxc6+  1/2-1/2

[Event "10th EICC"]
[Site "Budva MNE"]
[Date "2009.03.14"]
[Round "8"]
[White "Stevic,H"]
[Black "Nisipeanu,LD"]
[Result "1-0"]
[WhiteElo "2592"]
[BlackElo "2675"]

1.e4 d5 2.exd5 Qxd5 3.Nf3 Nf6 4.Be2 g6 5.O-O Bg7 6.d4 O-O 7.c4 Qd6 8.Nc3 Bg4
9.h3 Bxf3 10.Bxf3 Nc6 11.Nb5 Qd7 12.Bf4 Ne8 13.Re1 a6 14.d5 Na5 15.Nc3 Nxc4
16.Qe2 Ned6 17.Rac1 Rfe8 18.Bg4 Qd8 19.h4 h5 20.Bh3 Nb6 21.Qf3 Nd7 22.Re2 Nf6
23.a4 b5 24.a5 Nc4 25.b4 Nd7 26.Qg3 Ra7 27.Rce1 Nf6 28.Qf3 Ng4 29.Bxg4 hxg4
30.Qxg4 Bxc3 31.Re6 Qxd5 32.Rxg6+ fxg6 33.Qxg6+ Bg7 34.Qxe8+ Kh7 35.h5 Ra8
36.Qg6+ Kh8 37.Rxe7 Qd1+ 38.Kh2 Qd4 39.Bg5 Qd6+ 40.f4 Qxg6 41.hxg6 c5 42.bxc5 Nxa5
43.Re6 b4 44.f5 Bf8 45.Be3 Rd8 46.f6 Nc4 47.Bg5 Rc8 48.Re4 Bxc5 49.Rxc4 Bd6+
50.Bf4 Rxc4 51.Bxd6 Rc8 52.Bxb4 Kg8 53.Kh3 Rb8 54.Bd6 Rd8 55.Be7  1-0

[Event "10th EICC Qualification Playoff"]
[Site "Budva MNE"]
[Date "2009.03.18"]
[Round "1.2"]
[White "Nisipeanu,LD"]
[Black "Kurnosov,I"]
[Result "1-0"]
[WhiteElo "2675"]
[BlackElo "2602"]

1.e4 e5 2.Nf3 Nc6 3.Bb5 a6 4.Ba4 Nf6 5.O-O Be7 6.Re1 b5 7.Bb3 d6 8.c3 O-O
9.d4 Bg4 10.Be3 exd4 11.cxd4 d5 12.e5 Ne4 13.Nc3 Nxc3 14.bxc3 Na5 15.Bc2 Nc4
16.Qd3 g6 17.Bh6 Re8 18.h3 Be6 19.g4 a5 20.Nh2 Bg5 21.Bxg5 Qxg5 22.Qg3 Qd2
23.Rac1 b4 24.Nf3 Qh6 25.h4 bxc3 26.Ba4 Reb8 27.Rxc3 Rb2 28.Ng5 Rxa2 29.Bc6 Rb8
30.Rxc4 dxc4 31.d5 Rb3 32.Qf4 Qf8 33.dxe6 fxe6 34.Qf6 Rg3+ 35.fxg3 Qc5+ 36.Kf1  1-0

[Event "10th EICC Qualification Playoff"]
[Site "Budva MNE"]
[Date "2009.03.18"]
[Round "1.1"]
[White "Kurnosov,I"]
[Black "Nisipeanu,LD"]
[Result "1/2-1/2"]
[WhiteElo "2602"]
[BlackElo "2675"]

1.e4 c5 2.Nf3 e6 3.d4 cxd4 4.Nxd4 Nf6 5.Nc3 d6 6.g4 e5 7.Bb5+ Bd7 8.Bxd7+ Qxd7
9.Nf5 h5 10.gxh5 Nxh5 11.Bh6 g6 12.Bxf8 gxf5 13.Bxd6 Nc6 14.Bc5 Qxd1+ 15.Rxd1 b6
16.Bd6 O-O-O 17.exf5 Nf4 18.Ne4 Rh4 19.f3 Nd4 20.Rxd4 exd4 21.Be7 d3 22.Bxd8 dxc2
23.Kd2 Kxd8 24.Kxc2 Ke7 25.Kd2 f6 26.Ke3 Nd5+ 27.Kd4 Nf4 28.a4 Rh3 29.Ng3 Nh5
30.Nxh5 Rxh5 31.h4 Rxf5 32.h5 Kf7 33.h6 Kg8 34.h7+ Kh8 35.Ke4 Re5+ 36.Kf4 Rc5
37.Rh6 Rc4+ 38.Kf5 Rxa4 39.f4 Rb4 40.Rh4 Rxb2 41.Kxf6 a5 42.f5 b5 43.Kg6 Rg2+
44.Kh6 Rg7 45.Rd4 Rxh7+ 46.Kg6 Rg7+ 47.Kh6 Rh7+ 48.Kg6 Rg7+ 49.Kh6 Rh7+ 50.Kg6 Rg7+  1/2-1/2

[Event "TCh-ROU Superliga"]
[Site "Eforie Nord ROU"]
[Date "2009.09.19"]
[Round "1"]
[White "Shishkin,Va UKR"]
[Black "Nisipeanu,LD"]
[Result "0-1"]
[WhiteElo "2511"]
[BlackElo "2664"]

1.d4 Nf6 2.c4 e6 3.Nc3 Bb4 4.Qc2 O-O 5.e4 d6 6.a3 Bxc3+ 7.bxc3 e5 8.Bd3 c5
9.Ne2 Nc6 10.d5 Ne7 11.O-O Nh5 12.f4 exf4 13.Nxf4 Nxf4 14.Bxf4 Ng6 15.e5 dxe5
16.Bxg6 hxg6 17.Bxe5 Bf5 18.Qd2 Qd7 19.Rfe1 Rfe8 20.h3 f6 21.Bg3 g5 22.Rxe8+ Rxe8
23.Re1 b6 24.Rxe8+ Qxe8 25.d6 Kf7 26.Qd5+ Kg6 27.Kh2 Bd7 28.Qd3+ Kh6 29.Kg1 Qe6
30.h4 gxh4 31.Bxh4 g5 32.Bf2 f5 33.g3 Bc6 34.Kf1 Kg7 35.Kg1 Kf6 36.Be3 f4
37.d7 Qxd7 38.Qxd7 Bxd7 39.gxf4 g4  0-1

[Event "TCh-ROU Superliga"]
[Site "Eforie Nord ROU"]
[Date "2009.09.20"]
[Round "2"]
[White "Nisipeanu,LD"]
[Black "Fridman,D2"]
[Result "1/2-1/2"]
[WhiteElo "2664"]
[BlackElo "2661"]

1.e4 e5 2.Nf3 Nf6 3.Nc3 Bb4 4.Nxe5 O-O 5.Nd3 Bxc3 6.dxc3 Nxe4 7.Be2 d6 8.O-O Re8
9.f3 Nf6 10.Bg5 h6 11.Bh4 Nbd7 12.Nf2 Qe7 13.Re1 g5 14.Bg3 Nh5 15.Qd2 Ne5
16.Bb5 Rf8 17.Rad1 Nxg3 18.hxg3 Qf6 19.Qd4 Qg7 20.Re3  1/2-1/2

[Event "TCh-ROU Superliga"]
[Site "Eforie Nord ROU"]
[Date "2009.09.23"]
[Round "5"]
[White "Timoshenko,G"]
[Black "Nisipeanu,LD"]
[Result "1/2-1/2"]
[WhiteElo "2552"]
[BlackElo "2664"]

1.e4 c5 2.Nf3 e6 3.d4 cxd4 4.Nxd4 a6 5.Bd3 Bc5 6.Nb3 Ba7 7.O-O Nc6 8.Qe2 d6
9.Be3 Nf6 10.c4 e5 11.Bxa7 Rxa7 12.Nc3 Be6 13.Rfd1 O-O 14.Rac1  1/2-1/2

[Event "17th TCh-Eur"]
[Site "Novi Sad SRB"]
[Date "2009.10.23"]
[Round "2"]
[White "Nisipeanu,LD"]
[Black "Akopian,Vl"]
[Result "1/2-1/2"]
[WhiteElo "2664"]
[BlackElo "2698"]

1.e4 e6 2.d4 d5 3.Nc3 dxe4 4.Nxe4 Nd7 5.Nf3 Ngf6 6.Nxf6+ Nxf6 7.Bg5 h6 8.Be3 Nd5
9.Bd3 Nxe3 10.fxe3 Bd6 11.e4 c5 12.e5 Be7 13.Qe2 Bd7 14.O-O-O Qc7 15.Bc4 cxd4
16.Nxd4 O-O 17.h4 Rad8 18.Bd3 Bc6 19.Nxc6 Qxc6 20.Kb1 Rd7 21.Rdf1 Rd4 22.g4 Rf4
23.g5 Rxf1+ 24.Rxf1 hxg5 25.Qh5 g6 26.Bxg6 fxg6 27.Qxg6+ Kh8 28.Qh6+ Kg8
29.Qg6+ Kh8  1/2-1/2

[Event "17th TCh-Eur"]
[Site "Novi Sad SRB"]
[Date "2009.10.24"]
[Round "3"]
[White "Nisipeanu,LD"]
[Black "Banikas,H"]
[Result "1/2-1/2"]
[WhiteElo "2664"]
[BlackElo "2599"]

1.e4 c5 2.Nf3 d6 3.d4 cxd4 4.Nxd4 Nf6 5.Nc3 a6 6.Bc4 e6 7.Bb3 b5 8.O-O Be7
9.Qf3 Qc7 10.Re1 O-O 11.a4 bxa4 12.Rxa4 Bd7 13.Rc4 Qb7 14.Bg5 Rd8 15.e5 Qxf3
16.Nxf3 dxe5 17.Nxe5 h6 18.Be3 Bb5 19.Rd4 Be8 20.Ba4 Rxd4 21.Bxe8 Nxe8 22.Bxd4 Bf6
23.Ne4 Bxe5 24.Bxe5 Nc6 25.Bc3 Nc7 26.Rd1 Nb5 27.Be1 a5 28.Kf1 a4 29.c3 Ne5
30.Ra1 Nd3 31.c4 Nxe1 32.Kxe1 Nd4 33.Ra2 Rb8 34.Nc3 Rb4 35.c5 a3 36.bxa3 Rc4
37.Kd2 Rxc5 38.a4 Rg5 39.g3 Nb3+ 40.Kc2 Na5 41.Rb2 Nc6 42.Rb6 Rc5 43.Kb3 Nd4+
44.Kb4 Rc8 45.Nb5 Nc6+ 46.Ka3 Ne5 47.Nd6 Rc3+ 48.Rb3 Rc6 49.f4 Nd7 50.Ne4 f5
51.Rc3 Rxc3+ 52.Nxc3 e5 53.a5 exf4 54.gxf4 Nb8 55.Kb4 g5 56.Ne2 Kf7 57.Kc5 Kf6
58.Kd5 gxf4 59.Nxf4 Kg5 60.Ne6+ Kg4 61.Nd4 h5  1/2-1/2